Statistics for Europe Capitals by First Two Letters

Click here to take the quiz!

General Stats

  • This quiz has been taken 3,219 times
  • The average score is 33 of 45

Answer Stats

capital% Correct
Belgrade
94%
Berlin
94%
Bern
94%
London
90%
Monaco
86%
Moscow
86%
Lisbon
84%
Madrid
84%
Paris
83%
Vaduz
83%
Valletta
83%
Vatican City
83%
Bratislava
82%
Brussels
82%
Oslo
81%
Stockholm
80%
Vienna
79%
Vilnius
79%
Helsinki
77%
Amsterdam
76%
Andorra la Vella
75%
Bucharest
74%
Budapest
74%
Rome
74%
Dublin
73%
San Marino
73%
Sarajevo
73%
Athens
71%
Prague
70%
Pristina
70%
Riga
69%
Reykjavík
67%
Copenhagen
66%
Tallinn
66%
Warsaw
61%
Kiev
60%
Luxembourg
60%
Minsk
58%
Zagreb
58%
Sofia
53%
Ljubljana
51%
Tirana
51%
Chișinău
48%
Podgorica
48%
Skopje
43%

Score Distribution

Percentile by Number Answered

Percent of People with Each Score

Your Score History

You have not taken this quiz